Statistics for Marvel Movie Characters - Picture Clues

Click here to take the quiz!

General Stats

  • This quiz has been taken 92 times
    (26 since last reset)
  • The average score is 15 of 39

Answer Stats

Answer% Correct
Captain America
88%
Ant-Man
83%
Magneto
83%
Spider-Man
79%
Vulture
79%
Elektra/Electro
67%
Iron man/Iron fist
67%
Rhino
67%
Green Goblin
63%
Bullseye
58%
Pepper Potts
58%
Wasp
58%
Wolverine
58%
Domino
46%
Falcon
46%
Hawkeye
42%
Silver Surfer
42%
Black Panther
38%
Mantis
33%
Sabretooth
33%
Sandman
33%
Storm
33%
Mandarin
29%
Professor X
29%
Dr. Octopus
25%
Rocket Racoon
25%
Cable
21%
War-Machine
17%
Black Widow
13%
Human Torch
13%
Winter Soldier
13%
Blade
8%
Cyclops
8%
Jean Grey
8%
Luke Cage
8%
Klaw
4%
Vision
4%
Drax
0%
Thor
0%

Score Distribution

Percentile by Number Answered

Percent of People with Each Score

Your Score History

You have not taken this quiz since the last reset